1528 1036 1659 1851 1310 1707 1386 1249 1528 1773 1685 1599 1487 1975 1943 1712 1019 1316 1661 1525 1706 1313 1202 1846 1915 1296 1325 1916 1269 1065 1871 1681 1524 1568 1164 1156 1324 1962 1031 1257 1425 1546 1448 1562 1351 1929 1403 1111 1607 1112 1773 1641 1738 1624 1409 1715 1434 1585 1723 1600 1775 1296 1138 1105 1088 1516 1486 1959 1759 1993 1464 1003 1969 1781 1736 1765 1909 1688 1469 1793 1010 1418 1466 1720 1959 1394 1419 1320 1986 1078 1480 1232 1904 1436 1714 1930 1538 1221 1723 BCNSPRNW ULIB Ver.6.0+V

เปลี่ยนเป็นภาษาไทย

Change to English
 แสดงรายละเอียดบรรณานุกรม
  กลับหน้าหลัก

Brief Record : Get Marc (ISO 2709) : E-mail record : QR code < ปิดหน้าต่าง
LEADER : 00000nam 2200000uu 4500
001    13399111084
003     ULIB
008    110616s||||||||th 000 0 tha d
020    9744720468
050  4 BF449^bฮ649ช 2543
100 1  เฮย์, ลูอิส แอล
245 10 ชีวิตนี้ลิขิตได้ /^cลูอิส แอล เฮย์ ; แปลโดย ธีรกร กิตติโสภากูร
246 13 You can heal your life
250    พิมพ์ครั้งที่ 2
260    กรุงเทพฯ :^bนานมีบุ๊คส์,^c2543
300    363 หน้า ;^c21 ซม.
500    แปลจาก You can heal your life
650  7 การพัฒนาตนเอง
650  7 การดำเนินชีวิต
650  7 จิตวิทยาประยุกต์
650  7 ความสุข
700 0  ธีรกร กิตติโสภากูร,^eผู้แปล
710 2  นานมีบุ๊คส์
945    ^p188^l0^i013083
995    ทศพร
999 ^a ใช้งานได้ทุกระบบ
รายการนี้ยังไม่มีแท็ก
คุณยังไม่ได้ล็อกอิน คุณสามารถมีกิจกรรมร่วมกับเว็บไซต์ได้ แต่ต้องล็อกอินก่อน ::
  ล็อกอิน

รายการสื่อสารสนเทศ

ลำดับที่ ประเภท เลขเรียก/บาร์โค้ด สถานที่ สถานะ
- ไม่พบข้อมูล -

รายการใกล้เคียง
    หัวเรื่อง [การพัฒนาตนเอง]
    หัวเรื่อง [การดำเนินชีวิต]
    หัวเรื่อง [จิตวิทยาประยุกต์]
    หัวเรื่อง [ความสุข]

BibComment


ยังไม่เคยถูกคอมเมนท์

คอมเมนท์ทรัพยากรรายการนี้
  คอมเมนท์: ชีวิตนี้ลิขิตได้ ..


 Copyright 2026. Bcnsprnw @Library